1718 1311 1908 1050 1590 1528 1903 1064 1471 1912 1036 1942 1628 1706 1210 1918 1453 1178 1375 1356 1602 1174 1168 1425 1287 1727 1339 1518 1295 1451 1923 1434 1597 1736 1841 1937 1976 1947 1350 1784 1708 1961 1179 1013 1704 1979 1834 1001 1024 1402 1829 1309 1449 1949 1627 1436 1242 1380 1877 1896 1860 1205 1287 1123 1945 1178 1864 1577 1743 1112 1257 1703 1946 1922 1478 1402 1692 1030 1815 1291 1680 1531 1958 1857 1633 1068 1518 1390 1855 1285 1129 1670 1294 1801 1855 1868 1562 1077 1507 BCNSPRNW ULIB Ver.6.0+V

เปลี่ยนเป็นภาษาไทย

Change to English
 แสดงรายละเอียดบรรณานุกรม
  กลับหน้าหลัก

Brief Record : Get Marc (ISO 2709) : E-mail record : QR code < ปิดหน้าต่าง
LEADER : 00000nam 2200000uu 4500
001    13399108978
003     ULIB
008    110317s2545||||th 000 0 tha d
020    9749054369 (ล.1)
060 04 WA100^bส794ร ล.1 2545
245 00 รวมพลังสร้างสุข/^cสุทธิสิทธิ์ ไมตรีจิตร์
250    พิมพ์ครั้งที่ 1
260    กรุงเทพฯ :^bสำนักงานปฏิรูประบบสุขภาพแห่งชาติ (สปรส.)และโครงการสวัสดิการวิชาการ สถาบันพระบรมราชชนก,^c2545
300     เล่ม 2 :^bภาพประกอบ ;^c21 ซม.
650  7 การมีส่วนร่วมทางสังคม
650  7 การส่งเสริมสุขภาพ^zไทย
650  7 กลุ่มสังคม
650  7 เศรษฐกิจพอเพียง
650  7 สาธารณสุขมูลฐาน
650  7 สุขภาพ^xการมีส่วนร่วมของประชาชน
650  7 อนามัยชุมชน
700 0  สุทธิสิทธิ์ ไมตรีจิตร์
700 0  อำพล จินดาวัฒนะ
710 2  สำนักงานปฏิรูประบบสุขภาพแห่งชาติ
710 2  สถาบันพระบรมราชชนก. ^bโครงการสวัสดิการวิชาการ
945    ^p100^l0^i018992
945    ^p100^l0^i024938
945    ^p100^l0^i024937
945    ^p100^l0^i015148
945    ^p100^l0^i024936
995    ทศพร
999 ^a ใช้งานได้ทุกระบบ
รายการนี้ยังไม่มีแท็ก
คุณยังไม่ได้ล็อกอิน คุณสามารถมีกิจกรรมร่วมกับเว็บไซต์ได้ แต่ต้องล็อกอินก่อน ::
  ล็อกอิน

รายการสื่อสารสนเทศ

ลำดับที่ ประเภท เลขเรียก/บาร์โค้ด สถานที่ สถานะ
- ไม่พบข้อมูล -

รายการใกล้เคียง
    หัวเรื่อง [การมีส่วนร่วมทางสังคม]
    หัวเรื่อง [กลุ่มสังคม]
    หัวเรื่อง [เศรษฐกิจพอเพียง]
    หัวเรื่อง [สาธารณสุขมูลฐาน]
    หัวเรื่อง [อนามัยชุมชน]

BibComment


ยังไม่เคยถูกคอมเมนท์

คอมเมนท์ทรัพยากรรายการนี้
  คอมเมนท์: รวมพลังสร้างสุข ส..


 Copyright 2026. Bcnsprnw @Library